1729 1768 1155 1017 1563 1718 1147 1332 1116 1549 1700 1974 1164 1015 1505 1359 1837 1215 1292 1146 1414 1422 1915 1949 1698 1985 1486 1098 1410 1660 1074 1149 1145 1902 1597 1292 1912 1573 1468 1857 1019 1564 1800 1156 1777 1125 1835 1761 1639 1418 1711 1246 1425 1449 1341 1059 1147 1867 1286 1157 1839 1914 1558 1655 1338 1432 1784 1672 1497 1100 1426 1199 1783 1521 1088 1131 1962 1601 1720 1716 1328 1106 1826 1319 1900 1160 1580 1900 1425 1431 1098 1440 1608 1579 1297 1385 1441 1737 1270 BCNSPRNW ULIB Ver.6.0+V

เปลี่ยนเป็นภาษาไทย

Change to English
 แสดงรายละเอียดบรรณานุกรม
  กลับหน้าหลัก

Brief Record : Get Marc (ISO 2709) : E-mail record : QR code < ปิดหน้าต่าง
LEADER : 00000nam 2200000uu 4500
001    13399125872
003     ULIB
008    020711s2560 th a 000 0 tha d
020    ^a9786164260344
060    ^aWB460^bว846ก
100    ^aวีระพงษ์ ชิดนอก, เอกลักษณ์ กอบสาริกรณ์.
245    ^aกายภาพบำบัดในผู้ป่วยภาวะวิกฤต = Physical Therapy in Critical Patients/^bวีระพงษ์ ชิดนอก, เอกลักษณ์ กอบสาริกรณ์.
250    พิมพ์ครั้งที่ ^a2
260    ^aพิษณุโลก :^bสำนักพิมพ์มหาวิทยาลัยนเรศวร,^c2560
300    ^a184 หน้า;^c26 ซม.
650    ^aกายภาพบำบัด
650  0 ^aผู้ป่วย-การดูแล
945    ^p350^l0^i003288
945    ^p350^l0^i003289
945    ^p350^l0^i003290
945    ^p350^l0^i003291
945    ^p350^l0^i003292
945    ^p350^l0^i003293
945    ^p350^l0^i003294
999    ^aประนอม เกษจรัล
รายการนี้ยังไม่มีแท็ก
คุณยังไม่ได้ล็อกอิน คุณสามารถมีกิจกรรมร่วมกับเว็บไซต์ได้ แต่ต้องล็อกอินก่อน ::
  ล็อกอิน

รายการสื่อสารสนเทศ

ลำดับที่ ประเภท เลขเรียก/บาร์โค้ด สถานที่ สถานะ
1. วิทยาศาสตร์การแพทย์ และสุขภาพ
หนังสือสำรอง
สถานะ=หนังสือสำรอง
WB460 ว846ก ฉ.1 
  Barcode: 003288
ห้องสมุดวิทยาเขตสวรรค์ประชารักษ์
►หนังสือทั่วไป
บนชั้น
2. วิทยาศาสตร์การแพทย์ และสุขภาพ
วิทยาศาสตร์การแพทย์ และสุขภาพ
WB460 ว846ก ฉ.2 
  Barcode: 003289
ห้องสมุดวิทยาเขตสวรรค์ประชารักษ์
►หนังสือทั่วไป
บนชั้น
3. วิทยาศาสตร์การแพทย์ และสุขภาพ
วิทยาศาสตร์การแพทย์ และสุขภาพ
WB460 ว846ก ฉ.3 
  Barcode: 003290
ห้องสมุดวิทยาเขตสวรรค์ประชารักษ์
►หนังสือทั่วไป
บนชั้น
4. วิทยาศาสตร์การแพทย์ และสุขภาพ
วิทยาศาสตร์การแพทย์ และสุขภาพ
WB460 ว846ก ฉ.4 
  Barcode: 003291
ห้องสมุดวิทยาเขตสวรรค์ประชารักษ์
►หนังสือทั่วไป
บนชั้น
5. วิทยาศาสตร์การแพทย์ และสุขภาพ
วิทยาศาสตร์การแพทย์ และสุขภาพ
WB460 ว846ก ฉ.5 
  Barcode: 003292
ห้องสมุดวิทยาเขตสวรรค์ประชารักษ์
►หนังสือทั่วไป
บนชั้น
6. วิทยาศาสตร์การแพทย์ และสุขภาพ
วิทยาศาสตร์การแพทย์ และสุขภาพ
WB460 ว846ก ฉ.6 
  Barcode: 003293
ห้องสมุดวิทยาเขตสวรรค์ประชารักษ์
►หนังสือทั่วไป
บนชั้น
7. วิทยาศาสตร์การแพทย์ และสุขภาพ
วิทยาศาสตร์การแพทย์ และสุขภาพ
WB460 ว846ก ฉ.7 
  Barcode: 003294
ห้องสมุดวิทยาเขตสวรรค์ประชารักษ์
►หนังสือทั่วไป
บนชั้น

รายการใกล้เคียง
    หัวเรื่อง [กายภาพบำบัด]
    หัวเรื่อง [ผู้ป่วย-การดูแล]

BibComment


ยังไม่เคยถูกคอมเมนท์

คอมเมนท์ทรัพยากรรายการนี้
  คอมเมนท์: กายภาพบำบัดในผู้..


 Copyright 2026. Bcnsprnw @Library